000 00295nam a2200121Ia 4500
005 20251222143132.0
008 251222s9999||||xx |||||||||||||| ||spa||
082 _a771/M35
100 _aMecarelli, Adalberto
245 0 _aEntre Ombre et LumiƩre
264 _bAdalberto Mecarelli
942 _cLIB
999 _c11962
_d11962